000 02021nam a2200433 a 4500
999 _c204615
_d204615
003 BLK
005 20250709173433.0
008 180411b bul|||||r ||||||| ||bul||
010 _aKNG00214181000
020 _a978-619-229-003-0
020 _a978-619-229-004-7
040 _aBLK
041 _aBUL
_cBUL
080 _aБългарска литература
_b821.163.2
_x-94
_z821.163.2-94
080 _aДруги видове песни. - Естрада, джаз. Стари градски. Рок-и попмузика. Чалга(поп-фолк)
_b784.7
_x.071(497.2)(092)(0:82-9)
_z784.7.071(497.2)(092)(0:82-9)
080 _aКриско. Български певец-изпълнител, музикален продуцент и автор на песни
_b929 Талев, Кристиян Радославов
_z929 Талев, Кристиян Радославов
100 _aТалев, Кристиан Радославов
_eпърви автор
_9386536
139 _aТалев, Кристиан Радославов
_bТ 25
245 1 0 _aПътят нагоре
_cКриско.
257 _aBGR
260 _aСофия
_bБГкнига
_c2017
_fMunchen : HP Media
300 _a160 с.
_bсъс сн.
_c23 см
380 _aX
500 _aКор. загл. Криско. Пътят нагоре.
650 4 _aКриско
_984238
650 4 _aМузиканти, български - мемоари, спомени, интервюта
_9255674
650 4 _aПевци, български
_9262635
651 4 _aБългария
_9241624
653 _aКриско
653 _aбългарски певци
653 _aбългарски музиканти
653 _aавтобиографии
659 _aН
852 _aЦб 313569
_bЦб
852 _bП
_c821.163.2-9/Т 25 К
942 _cKNG
_n0
_030
_s1
944 _aCR
_c15.11.2017
_lЦветомила Тодорова
_k30576
944 _aED
_c29.11.2017
_lф /
_kЛюдмила_Стоянова